Joueurs de Foot en fonction de leur parcours en club - PSG - Statistiques

Statistiques générales
  • Ce quiz a été pris 235 fois
  • Le résultat moyen est 4 sur 10
Statistiques - réponses
Joueur N° Clubs (du + ancien au + récent) Réponse % Correct
1 Danubio FC - US Palerme - SSC Naples - PSG - Man United - Valence CF - Boca Juniors Edinson Cavani
97%
9 ESTAC Troyes - AS Saint-Étienne - PSG- Juventus FC - Inter Miami CF Blaise Matuidi
62%
6 PSG - Liverpool FC - Crystal Palace - Montpellier HSC Mamadou Sakho
55%
7 GD Estoril-Praia - UD Salamanque - Deportivo La Corogne - Girondins de Bordeaux - PSG - GD São Roque Pauleta
41%
10 FC Barcelone - Atlético de Madrid - Genoa CFC - Inter Milan - Paris Saint-Germain Thiago Motta
36%
3 Olympique lyonnais - AS Monaco - FC Barcelone - AS Rome - PSG - AS Monaco - FC Lorient - Mont d'Or Azergues Ludovic Giuly
34%
5 Cruzeiro - Ajax Amsterdam - Inter Milan - FC Barcelone - PSG Maxwell
33%
5 Deportivo Saprissa - Albacete Balompié - Levante UD - Real Madrid - PSG Keylor Navas
29%
4 Newell's Old Boys - Real Valladolid - Sporting CP - PSG - Man United - Real Madrid - Olympique de Marseille - AS Rome - Newell's Old Boys Gabriel Heinze
28%
2 Tonnerre Yaoundé - AS Monaco - PSG - AC Milan - Chelsea FC - Manchester City - Olympique de Marseille - Al-Jazira Club George Weah
28%
Aucun quiz correspondant
Distribution des résultats
% des personnes avec chaque résultat
Percentile par nombre de réponses
Votre historique - résultats
Vous n’avez pas pris ce quiz